Možnosti financovania obstarania dlhodobého hmotného majetku : Bakalárska práca
Saved in:
| Main Authors: | , |
|---|---|
| Format: | Manuscript Book |
| Language: | Slovak |
| Published: |
Trnava :
STU v Bratislave MtF KPIM,
2006
|
| Subjects: | |
| Tags: |
No Tags, Be the first to tag this record!
|
MARC
| LEADER | 00000ntm a22000003a 4500 | ||
|---|---|---|---|
| 001 | stu128898 | ||
| 005 | 20160719155520.3 | ||
| 008 | 061030s2006----xo------------------slo-d | ||
| 040 | |a STU |b slo | ||
| 041 | 0 | |a slo | |
| 044 | |a xo | ||
| 100 | 1 | |a Homokyová, Mária, |d 1971- |4 xxx |u M4000 |U MTF Materiálovotechnologická fakulta |T MTF Ústav priemyselného inžinierstva a manažmentu |X 2756 |U M4000 |Y 84 |7 A000002756 | |
| 245 | 1 | |a Možnosti financovania obstarania dlhodobého hmotného majetku : |b Bakalárska práca | |
| 260 | |a Trnava : |b STU v Bratislave MtF KPIM, |c 2006 | ||
| 300 | |a 56 s |c 1 CD-ROM | ||
| 650 | 7 | |a priemyselné inžinierstvo a manažment |2 stusub | |
| 650 | 7 | |a financovanie podniku |2 stusub | |
| 650 | 7 | |a dlhodobý hmotný majetok |2 stusub | |
| 700 | 1 | |a Flochová, Katarína |4 aut | |
| 996 | |b 284M074480 |c M*BP-1809 |l MMSKP |s P |a 0 |w stu128898_0001 | ||